000 00753nam a2200241Ia 4500
008 210303s9999 xx 000 0 und d
016 _2retro2022
020 _a04150546064
040 _aNLN
_bEnglish
050 _aDL148
_b.L673
082 _a948.9
100 _aLEWIS, Gwynne
_eaut
_935442
245 4 _aThe French revolution :
_brethinking the debate /
_cGwynne Lewis
260 _aLondon :
_bRoutledge & Kegan Paul,
_c1993
300 _aix, 131p.
_b; 22cm.
440 _a(Historical connection series)
_935443
500 _aBibliography : P. (141)-126
563 _a(cased)
650 _aFrance
_vHistory
_xRevolution 1788-1799
_x Historiography
_953585
650 _aFrance
_vHistory
_xRevolution, 1789-1799
_932099
942 _cBK
942 _n0
999 _c17813
_d17813